Kitāb al-ʻuqūd al-luʼluʼīyah fī tārīkh al-dawlah al-Rasūlīyah =كتاب العقود اللؤلؤية في تاريخ الدولة الرسولية = (Record no. 79651)
[ view plain ]
| 000 -LEADER | |
|---|---|
| fixed length control field | 01912cam a2200337 i 4500 |
| 001 - CONTROL NUMBER | |
| control field | 79651 |
| 003 - CONTROL NUMBER IDENTIFIER | |
| rucl marc code | BD-RjUL |
| 005 - DATE AND TIME OF LATEST TRANSACTION | |
| control field | 20220403145145.0 |
| 008 - FIXED-LENGTH DATA ELEMENTS--GENERAL INFORMATION | |
| fixed length control field | 220403m19111918ua b 001 0 ara |
| 035 ## - SYSTEM CONTROL NUMBER | |
| System control number | (BD-RjUL)79651 |
| 040 ## - CATALOGING SOURCE | |
| Original cataloging agency | DLC |
| Language of cataloging | eng |
| Transcribing agency | DLC |
| Description conventions | rda |
| Modifying agency | DLC |
| 041 ## - LANGUAGE CODE | |
| Language code of text/sound track or separate title | ara |
| 082 ## - DEWEY DECIMAL CLASSIFICATION NUMBER | |
| Edition number | 23 |
| Classification number | 953.32 |
| Author mark and year | KHU 1913 |
| 100 1# - MAIN ENTRY--PERSONAL NAME | |
| Personal name | خزرجي، علي بن الحسن، ;; Khazrajī, ʻAlī ibn al-Ḥasan, |
| Dates associated with a name | -1409 or 1410, |
| Relator term | author. |
| 9 (RLIN) | 2196 |
| 245 10 - TITLE STATEMENT | |
| Title | Kitāb al-ʻuqūd al-luʼluʼīyah fī tārīkh al-dawlah al-Rasūlīyah =كتاب العقود اللؤلؤية في تاريخ الدولة الرسولية = |
| Remainder of title | The Pearl-Strings; a history of the Resúliyy Dynasty of Yemen / |
| Statement of responsibility, etc. | taʼlīf ʻAlī ibn al-Ḥasan al-Khazrajī ; ʻuniya bi-taṣḥīḥihi wa-tanqīḥihi Muḥammad Basyūnī ʻAsal.;; تأليف علي بن الحسن الخزرجي ؛ عني بتصحيحه وتنقيحه محمد بسيوني عسل. |
| 246 1# - VARYING FORM OF TITLE | |
| Display text | Title on page [4] of title: |
| Title proper/short title | Pearl-Strings; a history of the Resúliyy Dynasty of Yemen |
| 264 #1 - PRODUCTION, PUBLICATION, DISTRIBUTION, MANUFACTURE, AND COPYRIGHT NOTICE | |
| Place of production, publication, distribution, manufacture | Mīṣr :مصر، : |
| Name of producer, publisher, distributor, manufacturer | Maṭbaʻat al-Hilāl,مطبعة الهلال، |
| Date of production, publication, distribution, manufacture, or copyright notice | 1911-1918. |
| 300 ## - PHYSICAL DESCRIPTION | |
| Pagination | v. ; |
| Size | 24 cm. |
| 490 1# - SERIES STATEMENT | |
| Series statement | "E.J.W. Gibb memorial" series ; |
| Volume/sequential designation | v. III, 4-5 |
| 500 ## - GENERAL NOTE | |
| General note | Vols. 1-2 have prefaces in English by E.G. Browne; v. 2 has indexes by R.A. Nicholson. |
| General note | Former owner's name at base of spine. |
| 504 ## - BIBLIOGRAPHY, ETC. NOTE | |
| Bibliography, etc | Includes bibliographical references and indexes. |
| 505 ## - FORMATTED CONTENTS NOTE | |
| Formatted contents note | Vol. 1.--v. 2.-- |
| 561 ## - OWNERSHIP AND CUSTODIAL HISTORY | |
| Institution to which field applies | DLC |
| 651 #0 - SUBJECT ADDED ENTRY--GEOGRAPHIC NAME | |
| Geographic name | Yemen (Republic) |
| General subdivision | History. |
| 9 (RLIN) | 2197 |
| 700 1# - ADDED ENTRY--PERSONAL NAME | |
| Personal name | منصوري، محمود الإمام ;; Manṣūrī, Maḥmūd al-Imām, |
| Relator term | former owner. |
| Personal name | عسل، محمد بسيوني.;;ʻAsal, Muḥammad Basyūnī. |
| 942 ## - ADDED ENTRY ELEMENTS (KOHA) | |
| Source of classification or shelving scheme | Dewey Decimal Classification |
| Koha item type | Books |
| Lost status | Source of classification or shelving scheme | Damaged status | Not for loan | Collection code | Permanent Location | Current Location | Date acquired | Full call number | Date last seen | Copy number | Koha item type |
|---|---|---|---|---|---|---|---|---|---|---|---|
| Dewey Decimal Classification | Not For Loan | Non-fiction | Central Library, University of Rajshahi | Central Library, University of Rajshahi | 03/04/2022 | A 953.32 KHU V-1 1913 | 03/04/2022 | C-1 | Books | ||
| Dewey Decimal Classification | Not For Loan | Non-fiction | Central Library, University of Rajshahi | Central Library, University of Rajshahi | 03/04/2022 | A 953.32 KHU V-2 1914 | 03/04/2022 | C-1 | Books |